000 00543nam a22001697a 4500
005 20240625105659.0
008 240625b |||||||| |||| 00| 0 eng d
020 _a9780470191194
082 _a004.62
_bSII-I
100 _aSill, Karl
245 _aIPv6 mandates :
_bChoosing a transition strategy, preparing transition plans, and executing the migration of a network to IPv6 /
_cKarsl Sill
260 _aUSA:
_bPearson;
_c2008.
300 _axvi, 475 p. :
_bill;
_c24 cm.
500 _ainclude index.
650 _aNetworking
999 _c35954
_d35954